ARRUPE JESUIT UNIVERSITY

CORONAVIRUS -STOP THE SPREAD - CLEAN,DISINFECT,COVER

Zambezi sunrise (Record no. 49585)

MARC details
000 -LEADER
fixed length control field 00492nam a2200193Ia 4500
003 - CONTROL NUMBER IDENTIFIER
control field 0100
005 - DATE AND TIME OF LATEST TRANSACTION
control field 20170504094308.0
008 - FIXED-LENGTH DATA ELEMENTS--GENERAL INFORMATION
fixed length control field 130303s9999 xx 000 0 und d
040 ## - CATALOGING SOURCE
Transcribing agency ARRUPELIB
050 ## - LIBRARY OF CONGRESS CALL NUMBER
Classification number DT983.G13
100 ## - MAIN ENTRY--PERSONAL NAME
Personal name Gale, William Daniel
9 (RLIN) 22052
245 ## - TITLE STATEMENT
Title Zambezi sunrise
245 ## - TITLE STATEMENT
Remainder of title how civilization came to Rhodesia and Nyasaland
260 ## - PUBLICATION, DISTRIBUTION, ETC. (IMPRINT)
Name of publisher, distributor, etc Howard B. Timmins
Place of publication, distribution, etc Cape Town
Date of publication, distribution, etc 1958
650 ## - SUBJECT ADDED ENTRY--TOPICAL TERM
Topical term or geographic name as entry element Rhodesia
General subdivision History
9 (RLIN) 22054
650 ## - SUBJECT ADDED ENTRY--TOPICAL TERM
Topical term or geographic name as entry element Nyasaland
General subdivision History
9 (RLIN) 26459
700 ## - ADDED ENTRY--PERSONAL NAME
Personal name W. D. Gale
9 (RLIN) 30451
942 ## - ADDED ENTRY ELEMENTS (KOHA)
Source of classification or shelving scheme Library of Congress Classification
Koha item type Monograph ( Printed materials)
Holdings
Withdrawn status Lost status Source of classification or shelving scheme Damaged status Not for loan Collection code Home library Current library Shelving location Date acquired Total Checkouts Full call number Barcode Date last seen Copy number Price effective from Koha item type
    Library of Congress Classification     Main Collection ARRUPE LIBRARY ARRUPE LIBRARY Main Collection 04/03/2013   DT983.G13 46600000314 07/12/2017 1 04/03/2013 Monograph ( Printed materials)
    Library of Congress Classification     SPECIAL Collection ARRUPE LIBRARY ARRUPE LIBRARY Main Collection 09/04/2014   SPC DT983.G13 46500001720 09/04/2014 2 09/04/2014 REFERENCE

 

Arrupe Library. PO Box MP320 Mt Pleasant, Harare, Zimbabwe
263 242 745411|librarian@aju.ac.zw